El ICE: un símbolo, 50 años después. ¿Porqué los costarricenses siguen queriendo al ICE ? /

में बचाया:
ग्रंथसूची विवरण
मुख्य लेखक: Amador, José Luis
स्वरूप: मूलपाठ
विषय:
टैग: टैग जोड़ें
कोई टैग नहीं, इस रिकॉर्ड को टैग करने वाले पहले व्यक्ति बनें!

MARC

LEADER 00000 a a2200000 04500
001 13611
003
040
100 |a Amador, José Luis  
245 |a El ICE:   |b un símbolo, 50 años después. ¿Porqué los costarricenses siguen queriendo al ICE ? /  |c  José Luis Amador 
650 |a EMPRESAS PUBLICAS  
650 |a ELECTRIFICACION  
650 |a TELECOMUNICACIONES  
650 |a MODERNIZACION  
650 |a DESARROLLO ECONOMICO Y SOCIAL  
773 |g número 79; páginas 15-20  
999 |c 23876  |d 23876